[Event "Suwalki op"]
[Site "Suwalki"]
[Date "2009.12.29"]
[Round "7"]
[White "Rant, Marcin"]
[Black "Galaszewski, Patryk"]
[Result "0-1"]
[WhiteElo "1812"]
[BlackElo "1778"]
[PlyCount "61"]
[EventDate "2009.12.27"]
[EventType "swiss"]
[EventRounds "9"]
[EventCountry "POL"]
[SourceTitle "CBM 134 Extra"]
[Source "ChessBase"]
[SourceDate "2010.03.03"]
[SourceVersion "1"]
[SourceVersionDate "2010.03.03"]
[SourceQuality "1"]

1. d4 g6 2. Nf3 Bg7 3. Bf4 d6 4. e4 Nd7 5. Bc4 e5 6. Ng5 Nh6 7. Be3 0-0 8. c3 Nb6 9. Bb3 Ng4 10. Qf3 Qf6 11. Qxf6 Bxf6 12. Nf3 Nxe3 13. fxe3 Kg7 14. 0-0 Bd7 15. Nbd2 a5 16. Nc4 Nxc4 17. Bxc4 b5 18. Bb3 a4 19. Bc2 Rfd8 20. d5 c5 21. h3 Be7 22. Nd2 Bg5 23. Rf3 Rf8 24. Raf1 f6 25. g4 Rh8 26. Bd1 h5 27. Rg3 hxg4 28. Bxg4 Bxg4 29. hxg4 Rh7 30. Rff3 Rah8 31. Nf1 0-1

[Event "Suwalki op"]
[Site "Suwalki"]
[Date "2009.12.27"]
[Round "2"]
[White "Rant, Marcin"]
[Black "Rant, Pawel"]
[Result "1-0"]
[WhiteElo "1812"]
[BlackElo "1761"]
[PlyCount "75"]
[EventDate "2009.12.27"]
[EventType "swiss"]
[EventRounds "9"]
[EventCountry "POL"]
[SourceTitle "CBM 134 Extra"]
[Source "ChessBase"]
[SourceDate "2010.03.03"]
[SourceVersion "1"]
[SourceVersionDate "2010.03.03"]
[SourceQuality "1"]

1. d4 d5 2. Nf3 Nf6 3. Bf4 Bg4 4. Nbd2 e6 5. h3 Bh5 6. g4 Bg6 7. Ne5 c5 8. e3 Nbd7 9. Nxg6 fxg6 10. Nf3 Qb6 11. Qb1 Bd6 12. Bxd6 Qxd6 13. c3 0-0 14. Bg2 Ne4 15. Qc2 Rf7 16. dxc5 Ndxc5 17. 0-0-0 Raf8 18. b4 Nxc3 19. bxc5 Qxc5 20. Rd2 Rc7 21. Kb2 Rfc8 22. Ka1 Qa5 23. Qb3 b5 24. Rc2 Rc4 25. Rb2 Ra4 26. Nd4 b4 27. Rc1 Ra3 28. Qc2 Kf7 29. Nb3 Qa4 30. Qd2 Rc6 31. Rcc2 a5 32. Bf1 Rb6 33. Qd4 Rb7 34. Nc5 b3 35. Nxa4 bxc2 36. Rxb7+ Ke8 37. Bb5+ Kd8 38. Qb6+ 1-0

[Event "POL-chT U19 2nd League"]
[Site "Lublin"]
[Date "2007.07.12"]
[Round "7"]
[White "Sycz, Dariusz"]
[Black "Rant, Marcin"]
[Result "1/2-1/2"]
[WhiteElo "1935"]
[BlackElo "1795"]
[PlyCount "55"]
[EventDate "2007.07.07"]
[EventType "team-swiss"]
[EventRounds "11"]
[EventCountry "POL"]
[SourceTitle "EXT 2010"]
[Source "ChessBase"]
[SourceDate "2010.11.25"]
[SourceVersion "1"]
[SourceVersionDate "2010.11.25"]
[SourceQuality "1"]
[WhiteTeam "Brzozow LKS Brzozowia MOSiR U19"]
[BlackTeam "Suwalki UMKS Jacwiez U19"]
[WhiteTeamCountry "POL"]
[BlackTeamCountry "POL"]

1. d4 d5 2. c4 e6 3. Nc3 Nf6 4. Nf3 Be7 5. Bg5 0-0 6. e3 b6 7. Bd3 Bb7 8. 0-0 Nbd7 9. Qe2 h6 10. Bh4 c5 11. Rfd1 dxc4 12. Bxc4 Ne4 13. Bxe7 Qxe7 14. Nxe4 Bxe4 15. Bb5 cxd4 16. Rxd4 Nf6 17. Ne5 Rfc8 18. Bd3 Bb7 19. Rd1 Rc7 20. Qd2 Rac8 21. Bb1 Nd5 22. Qd3 f5 23. Qd2 Qf6 24. Nf3 Qg6 25. Ne5 Qg5 26. Nf3 Qg6 27. Ne5 Qg5 28. Nf3 1/2-1/2

[Event "POL-chT U19 2nd League"]
[Site "Lublin"]
[Date "2007.07.12"]
[Round "8"]
[White "Wach, Bartosz"]
[Black "Rant, Marcin"]
[Result "0-1"]
[WhiteElo "1698"]
[BlackElo "1795"]
[PlyCount "87"]
[EventDate "2007.07.07"]
[EventType "team-swiss"]
[EventRounds "11"]
[EventCountry "POL"]
[SourceTitle "EXT 2010"]
[Source "ChessBase"]
[SourceDate "2010.11.25"]
[SourceVersion "1"]
[SourceVersionDate "2010.11.25"]
[SourceQuality "1"]
[WhiteTeam "Kielce Zak U19"]
[BlackTeam "Suwalki UMKS Jacwiez U19"]
[WhiteTeamCountry "POL"]
[BlackTeamCountry "POL"]

1. Nf3 d5 2. g3 c6 3. Bg2 Nf6 4. d3 Bf5 5. Nbd2 Nbd7 6. c3 e5 7. Nh4 Be6 8. e4 dxe4 9. Nxe4 Nxe4 10. dxe4 Bc5 11. 0-0 0-0 12. Qe2 Qc7 13. Be3 Rad8 14. b3 b6 15. Rad1 Bxe3 16. Qxe3 Nc5 17. Nf3 f6 18. Qe2 Rxd1 19. Rxd1 Rd8 20. Ne1 g6 21. Nc2 Kf7 22. Ne3 Ke7 23. Qc2 Rxd1+ 24. Qxd1 Qd6 25. Qxd6+ Kxd6 26. b4 Na4 27. c4 Nc3 28. a3 Nb1 29. a4 Nd2 30. Bf1 Nxe4 31. Bd3 Nd2 32. f4 e4 33. Be2 f5 34. Kf2 a5 35. Ke1 Nb1 36. b5 cxb5 37. cxb5 Nc3 38. Nc4+ Bxc4 39. Bxc4 Nxa4 40. Bg8 Ke7 41. g4 h6 42. Bh7 Kf6 43. gxf5 gxf5 44. Kd2 0-1

[Event "POL-chT U19 2nd League"]
[Site "Lublin"]
[Date "2007.07.07"]
[Round "1"]
[White "Rant, Marcin"]
[Black "Matusiak, Marcin"]
[Result "0-1"]
[WhiteElo "1795"]
[BlackElo "1979"]
[PlyCount "88"]
[EventDate "2007.07.07"]
[EventType "team-swiss"]
[EventRounds "11"]
[EventCountry "POL"]
[SourceTitle "EXT 2010"]
[Source "ChessBase"]
[SourceDate "2010.11.25"]
[SourceVersion "1"]
[SourceVersionDate "2010.11.25"]
[SourceQuality "1"]
[WhiteTeam "Suwalki UMKS Jacwiez U19"]
[BlackTeam "Jastrzebie Zdroj Pionier U19"]
[WhiteTeamCountry "POL"]
[BlackTeamCountry "POL"]

1. d4 d5 2. Nf3 Nf6 3. Bf4 Bf5 4. e3 e6 5. Nbd2 Bd6 6. Ne5 0-0 7. h3 c5 8. c3 Nc6 9. Ndf3 cxd4 10. exd4 Qc7 11. Bd3 Bxd3 12. Qxd3 Ne4 13. 0-0 Rfe8 14. Bh2 f6 15. Nxc6 bxc6 16. Bxd6 Qxd6 17. Nd2 Nxd2 18. Qxd2 e5 19. Rfe1 e4 20. b3 f5 21. g3 Rf8 22. Qf4 Qxf4 23. gxf4 Kf7 24. Re3 Rg8 25. h4 h6 26. Kf1 Kg6 27. Rg3+ Kh5 28. Ke2 a5 29. Rag1 g6 30. Rc1 c5 31. dxc5 Rgc8 32. b4 axb4 33. cxb4 Rxa2+ 34. Kf1 Rb2 35. Rd1 Rxb4 36. Rxd5 Rc6 37. Rc3 Rb5 38. Kg2 Kg4 39. Rg3+ Kxf4 40. Rd6 Rxd6 41. cxd6 g5 42. hxg5 hxg5 43. Rc3 Rd5 44. Rc6 Ke5 0-1

[Event "POL-ch U18"]
[Site "Leba"]
[Date "2007.04.01"]
[Round "11"]
[White "Rant, Marcin"]
[Black "Zakrzewski, Marek"]
[Result "0-1"]
[WhiteElo "1829"]
[BlackElo "1886"]
[PlyCount "74"]
[EventDate "2007.03.24"]
[EventType "swiss"]
[EventRounds "11"]
[EventCountry "POL"]
[SourceTitle "EXT 2011"]
[Source "ChessBase"]
[SourceDate "2010.11.26"]
[SourceVersion "1"]
[SourceVersionDate "2010.11.26"]
[SourceQuality "1"]

1. d4 Nf6 2. Nf3 e6 3. Bf4 d5 4. Nbd2 Bd6 5. Bg3 Nc6 6. e3 0-0 7. c3 Re8 8. Ne5 Nd7 9. f4 f6 10. Nxc6 bxc6 11. Bd3 e5 12. fxe5 fxe5 13. 0-0 e4 14. Bxd6 cxd6 15. Be2 Qg5 16. Rf4 Nf8 17. Nf1 Ng6 18. Rf2 Nh4 19. Qd2 Nf5 20. Rf4 h5 21. Bd1 Rf8 22. Bb3 Kh8 23. Qf2 Rf6 24. Ng3 Nxe3 25. Rxf6 gxf6 26. Nxh5 Ng4 27. Qe2 Ba6 28. c4 dxc4 29. Bd1 Qxh5 30. Qxg4 Qxg4 31. Bxg4 Rb8 32. Rb1 c3 33. b3 Rb4 34. Rc1 Rxd4 35. Rxc3 c5 36. Rh3+ Kg7 37. Bf5 Rd1+ 0-1

[Event "POL-ch U18"]
[Site "Leba"]
[Date "2007.03.27"]
[Round "5"]
[White "Rant, Marcin"]
[Black "Motyka, Michal"]
[Result "0-1"]
[WhiteElo "1829"]
[BlackElo "2350"]
[PlyCount "102"]
[EventDate "2007.03.24"]
[EventType "swiss"]
[EventRounds "11"]
[EventCountry "POL"]
[SourceTitle "EXT 2011"]
[Source "ChessBase"]
[SourceDate "2010.11.26"]
[SourceVersion "1"]
[SourceVersionDate "2010.11.26"]
[SourceQuality "1"]

1. d4 d6 2. e4 Nf6 3. Bd3 e5 4. c3 c6 5. f4 Qb6 6. Qb3 Be6 7. Qxb6 axb6 8. a3 Na6 9. Nf3 exd4 10. cxd4 Nb4 11. Ke2 Nxd3 12. Kxd3 d5 13. e5 Ne4 14. Be3 Bf5 15. Ke2 f6 16. Nbd2 fxe5 17. Nxe5 Nxd2 18. Kxd2 Be4 19. Rhg1 h5 20. g3 Bd6 21. Raf1 b5 22. Kc3 g6 23. Ra1 Ke7 24. b4 Bf5 25. Rge1 Kf6 26. Bf2 Ra4 27. Kb3 Rha8 28. Kb2 Rf8 29. h4 Raa8 30. Re2 Rac8 31. Rc1 Rc7 32. Re3 Be4 33. Rec3 Kf5 34. Kb3 Rcc8 35. Nd7 Rf7 36. Ne5 Re7 37. Kb2 Rd8 38. Rd1 Ke6 39. Re1 Kf6 40. Rd1 Ree8 41. Kb3 Rf8 42. Re1 Kf5 43. Kb2 Bxe5 44. dxe5 d4 45. Rcc1 d3 46. Rcd1 Bf3 47. Rd2 Be2 48. Bc5 Rfe8 49. Bd6 Kg4 50. Rdxe2 dxe2 51. Rxe2 Rxd6 0-1

[Event "POL-ch U18"]
[Site "Leba"]
[Date "2007.03.26"]
[Round "4"]
[White "Zapolski, Krzysztof"]
[Black "Rant, Marcin"]
[Result "1-0"]
[WhiteElo "2243"]
[BlackElo "1829"]
[PlyCount "97"]
[EventDate "2007.03.24"]
[EventType "swiss"]
[EventRounds "11"]
[EventCountry "POL"]
[SourceTitle "EXT 2011"]
[Source "ChessBase"]
[SourceDate "2010.11.26"]
[SourceVersion "1"]
[SourceVersionDate "2010.11.26"]
[SourceQuality "1"]

1. e4 c5 2. Nf3 Nc6 3. Bb5 d6 4. c3 a6 5. Bd3 Nf6 6. h3 e5 7. Bc2 Be7 8. 0-0 0-0 9. d4 b5 10. a4 b4 11. Nbd2 cxd4 12. cxd4 a5 13. Nb3 Ba6 14. Bd3 Qb6 15. Be3 Qb7 16. d5 Bxd3 17. Qxd3 Nb8 18. Rfc1 Bd8 19. Nfd2 Nfd7 20. Nc4 Qa6 21. Rc2 Bb6 22. Rac1 Bxe3 23. Qxe3 Rc8 24. Ncxa5 Rxc2 25. Rxc2 h6 26. Rc4 Nc5 27. Rxb4 Nbd7 28. Nxc5 Nxc5 29. Nc4 Nxa4 30. Qa3 Nc5 31. Nxd6 Qxa3 32. bxa3 Rxa3 33. Rb8+ Kh7 34. Nxf7 Nxe4 35. Rh8+ Kg6 36. Nxe5+ Kf6 37. Ng4+ Kf7 38. f3 Ra1+ 39. Kh2 Nf6 40. Nxf6 Kxf6 41. d6 Ra7 42. Rd8 Ke6 43. Kg3 Rd7 44. Rxd7 Kxd7 45. Kf4 Kxd6 46. Kf5 Ke7 47. Kg6 Kf8 48. f4 Kg8 49. f5 1-0

[Event "Suwalki-ch op"]
[Site "Suwalki"]
[Date "2006.12.29"]
[Round "7"]
[White "Rant, Marcin"]
[Black "Grabowski, Adam"]
[Result "0-1"]
[WhiteElo "1826"]
[BlackElo "1671"]
[PlyCount "114"]
[EventDate "2006.12.27"]
[EventType "tourn"]
[EventRounds "9"]
[EventCountry "POL"]
[SourceTitle "EXT 2023"]
[Source "ChessBase"]
[SourceDate "2022.10.05"]
[SourceVersion "1"]
[SourceVersionDate "2022.10.05"]
[SourceQuality "1"]

1. d4 d5 2. Nf3 Nf6 3. Bf4 Bg4 4. Nbd2 e6 5. e3 Bd6 6. h3 Bh5 7. Bd3 Nc6 8. c3 0-0 9. Qc2 Bxf3 10. Nxf3 a6 11. Ne5 h6 12. h4 Bxe5 13. dxe5 Ng4 14. 0-0-0 Ngxe5 15. Bxe5 Nxe5 16. f4 Nxd3+ 17. Qxd3 f5 18. h5 Qf6 19. Rdg1 c5 20. g4 fxg4 21. Rxg4 Qf5 22. Qxf5 exf5 23. Rg6 Kh7 24. Rhg1 Rg8 25. Rb6 Rab8 26. Rgg6 Rge8 27. Kd2 d4 28. cxd4 cxd4 29. exd4 Re4 30. Kd3 Rxf4 31. d5 Re4 32. d6 Ree8 33. d7 Red8 34. Rgd6 Rf8 35. Ke3 f4+ 36. Kf3 Kg8 37. b3 Kf7 38. Rxb7 Rxb7 39. d8Q Rxd8 40. Rxd8 Rb5 41. Kxf4 Ra5 42. Rd7+ Kg8 43. a4 Rxh5 44. Kg4 Rc5 45. Ra7 Rc3 46. Rb7 Kh7 47. a5 h5+ 48. Kxh5 Rc5+ 49. Kg4 Rxa5 50. b4 Rb5 51. Rxb5 axb5 52. Kg5 g6 53. Kg4 Kh6 54. Kh4 g5+ 55. Kg4 Kg6 56. Kg3 Kf5 57. Kf3 Ke5 0-1

[Event "POL-ch U16"]
[Site "Leba"]
[Date "2006.03.30"]
[Round "8"]
[White "Januszewski, Tomasz"]
[Black "Rant, Marcin"]
[Result "1-0"]
[WhiteElo "2006"]
[BlackElo "1940"]
[PlyCount "56"]
[EventDate "2006.03.25"]
[EventType "swiss"]
[EventRounds "11"]
[EventCountry "POL"]
[SourceTitle "CBM 111 Extra"]
[Source "ChessBase"]
[SourceDate "2006.05.09"]
[SourceVersion "1"]
[SourceVersionDate "2006.05.09"]
[SourceQuality "1"]

1. e4 c5 2. Nf3 e6 3. d4 cxd4 4. Nxd4 Qb6 5. Nb3 Qc7 6. Nc3 a6 7. Bd3 b5 8. 0-0 d6 9. Be3 Bb7 10. a3 Nd7 11. f4 Ngf6 12. Qf3 Nc5 13. Rac1 Be7 14. Nd4 0-0 15. g4 e5 16. Nf5 g6 17. g5 gxf5 18. gxf6 Bxf6 19. fxe5 Bxe5 20. Qxf5 Kh8 21. Kh1 Qe7 22. Nd5 Qh4 23. Rf2 Bxb2 24. Bg5 Nxd3 25. cxd3 Qxf2 26. Qxf2 Bxd5 27. Bf6+ Bxf6 28. Qxf6+ Kg8 1-0

[Event "POL-ch U16"]
[Site "Leba"]
[Date "2006.03.29"]
[Round "7"]
[White "Rant, Marcin"]
[Black "Puksza, Andrzej"]
[Result "0-1"]
[WhiteElo "1940"]
[BlackElo "1884"]
[PlyCount "98"]
[EventDate "2006.03.25"]
[EventType "swiss"]
[EventRounds "11"]
[EventCountry "POL"]
[SourceTitle "CBM 111 Extra"]
[Source "ChessBase"]
[SourceDate "2006.05.09"]
[SourceVersion "1"]
[SourceVersionDate "2006.05.09"]
[SourceQuality "1"]

1. d4 c5 2. Nf3 cxd4 3. Nxd4 d5 4. Nc3 Nf6 5. Bg5 e6 6. e3 Nc6 7. a3 a6 8. Bd3 Be7 9. 0-0 0-0 10. h3 Bd7 11. Bf4 Kh8 12. Nf3 Nh5 13. Bh2 g6 14. g4 Ng7 15. Ne5 Bf6 16. Nxd7 Qxd7 17. Rb1 b5 18. Ne2 e5 19. Nc1 Ne6 20. Qf3 Bg7 21. Qg3 e4 22. Be2 f5 23. Qd6 Rad8 24. Qxd7 Rxd7 25. Nb3 d4 26. gxf5 gxf5 27. Rfd1 Rfd8 28. Rd2 dxe3 29. Rxd7 exf2+ 30. Kxf2 Rxd7 31. c3 Be5 32. Bxe5+ Nxe5 33. Ke3 Nc6 34. Rd1 Rxd1 35. Bxd1 Kg7 36. Nd4 Nexd4 37. cxd4 Ne7 38. Bb3 Kf6 39. Ba2 a5 40. Kf4 Ng6+ 41. Ke3 h6 42. Bd5 b4 43. axb4 axb4 44. Bc6 Ke7 45. d5 Kd6 46. Kd4 Nf4 47. h4 Ng2 48. h5 Nf4 49. Kc4 e3 0-1

[Event "POL-ch U16"]
[Site "Leba"]
[Date "2006.03.25"]
[Round "1"]
[White "Rant, Marcin"]
[Black "Gluszko, Tomasz"]
[Result "0-1"]
[WhiteElo "1940"]
[BlackElo "2075"]
[PlyCount "65"]
[EventDate "2006.03.25"]
[EventType "swiss"]
[EventRounds "11"]
[EventCountry "POL"]
[SourceTitle "CBM 111 Extra"]
[Source "ChessBase"]
[SourceDate "2006.05.09"]
[SourceVersion "1"]
[SourceVersionDate "2006.05.09"]
[SourceQuality "1"]

1. d4 c5 2. Nf3 cxd4 3. Nxd4 Nc6 4. e4 Nf6 5. Nc3 e6 6. Nxc6 bxc6 7. Bd3 Bb4 8. Bd2 d5 9. exd5 cxd5 10. 0-0 0-0 11. a3 Bd6 12. Nb5 Bb8 13. Bb4 Re8 14. Nd4 a5 15. Nc6 Qc7 16. Nxb8 axb4 17. Bb5 Rxb8 18. Bxe8 Nxe8 19. axb4 Rxb4 20. b3 Nf6 21. Qd2 Rb6 22. Rfc1 Ne4 23. Qd4 Bb7 24. Ra7 h6 25. Qd3 Nxf2 26. Qe3 Ng4 27. Qg3 Qc5+ 28. Kf1 e5 29. Ke1 Qb4+ 30. c3 Qe4+ 31. Kd1 Rxb3 32. Qf3 Ne3+ 33. Kd2 0-1

[Event "POL-chT2 U18"]
[Site "Sielpa"]
[Date "2004.??.??"]
[Round "11"]
[White "Rant, Marcin"]
[Black "Pawelec, Lukasz"]
[Result "1/2-1/2"]
[WhiteElo "1800"]
[BlackElo "1800"]
[PlyCount "99"]
[EventDate "2004.??.??"]
[EventType "team"]
[EventRounds "11"]
[EventCountry "POL"]
[SourceTitle "EXT 2007"]
[Source "ChessBase"]
[SourceDate "2006.11.23"]
[SourceVersion "1"]
[SourceVersionDate "2006.11.23"]
[SourceQuality "1"]

1. e4 e5 2. Nf3 Nc6 3. Be2 Bc5 4. d3 d6 5. c3 h6 6. Nbd2 Nf6 7. b4 Bb6 8. a4 a5 9. b5 Ne7 10. 0-0 Ng6 11. Ba3 0-0 12. Nc4 Re8 13. Nxb6 cxb6 14. c4 Nf4 15. Nd2 Qc7 16. Nb1 Be6 17. Nc3 Rac8 18. Rc1 Qd7 19. Qd2 Rc7 20. Rc2 Rec8 21. Rfc1 Kh8 22. f3 g5 23. g3 Nxe2+ 24. Qxe2 Kh7 25. Qe3 Ra8 26. Qxb6 Ne8 27. Qe3 f6 28. Ne2 Kg7 29. d4 Qf7 30. d5 Bd7 31. Qb6 Qe7 32. c5 dxc5 33. Bxc5 Qf7 34. Bf8+ Kxf8 35. Rxc7 Nxc7 36. Rxc7 Kg7 37. Qxb7 Rd8 38. Qb6 Kg6 39. Qxa5 Qe7 40. Qc3 Qe8 41. Qc5 h5 42. Nc3 f5 43. a5 fxe4 44. fxe4 Bh3 45. Qc6+ Qxc6 46. Rxc6+ Kh7 47. b6 Rf8 48. Rc7+ Kg6 49. Rc6+ Kg7 50. Rc7+ 1/2-1/2